000
00342 a2200157 4500
001
179000
020
_a
040
_c
Magnum
100
_a
Ziraldo
240
1
0
_a
Como ir ao mundo da lua
_l
por
245
1
0
_a
Como ir ao mundo da lua
362
0
_a
1899
440
1
_a
Melhoramentos
697
_a
MAGNITO: I/AVENTURA, CRIANCAS
942
_c
BK
999
_c
179000
_d
179000